Akustika i uľtrazvukovaja technika : (Respublikanskij mežvedomstvennyj naučno - techničeskij sbornik)

Na minha lista:
Detalhes bibliográficos
Formato: Livro
Idioma:russo
Publicado em: Kijev : Technika, 1975
Assuntos:
Tags: Adicionar Tag
Sem tags, seja o primeiro a adicionar uma tag!

MARC

LEADER 00000nam a22000003a 4500
001 stu85664
005 20141121203705.9
008 040406s1975----xxr-----------------rus-d
040 |a STU  |b slo 
041 0 |a rus 
044 |a xxr 
080 |a 534.321.9.004 
245 |a Akustika i uľtrazvukovaja technika :  |b (Respublikanskij mežvedomstvennyj naučno - techničeskij sbornik) 
260 |a Kijev :  |b Technika,  |c 1975 
300 |a 126 s 
650 7 |a ultrazvukové kmity  |2 stusub 
996 |b 284J020376  |c J*45117  |l JJSK  |s A  |a 24  |w stu85664_0001